00275nam a2200109Ia 4500008004100000082001600041100002100057245003800078250000900116260003200125300000800157150731s2014 xx 000 0 und d a612bP 14 J aJOSHI, VIJAYA D. aPHYSIOLOGY: PREP. MANUAL FOR U.G. a5 TH bELSEVIER- INDIA DELHIc2014 a588